SPRINT HOW TO SOLVE BIG PROBLEMS AND TES (Record no. 31258)

MARC details
000 -LEADER
fixed length control field 00342nam a2200133Ia 4500
008 - FIXED-LENGTH DATA ELEMENTS--GENERAL INFORMATION
fixed length control field 240624s9999 xx 000 0 und d
041 ## - LANGUAGE CODE
Language code of text/sound track or separate title eng
082 ## - DEWEY DECIMAL CLASSIFICATION NUMBER
Classification number 658.403 KNA
100 ## - MAIN ENTRY--PERSONAL NAME
Personal name KNAPP JAKE
245 ## - TITLE STATEMENT
Title SPRINT HOW TO SOLVE BIG PROBLEMS AND TES
260 ## - PUBLICATION, DISTRIBUTION, ETC.
Date of publication, distribution, etc. 2016
Place of publication, distribution, etc. New York
Name of publisher, distributor, etc. Simon & Schuster
300 ## - PHYSICAL DESCRIPTION
Extent 274 p.; 23 cm.
365 ## - TRADE PRICE
Currency code
Price amount 38
Holdings
Withdrawn status Lost status Damaged status Not for loan Home library Current library Shelving location Date acquired Full call number Barcode Date last seen Copy number Price effective from Koha item type
        IMTN IMTN Rack 26-B 09/06/2018 658.403 KNA 31258 06/24/2024 72.1 06/24/2024 Books
Designed & Maintained by: LRC IMT Nagpur Contact: lrc@imtnag.ac.in© 2024. All Rights Reserved.